000 00564nam a2200181Ia 4500
008 151018s9999 xx 000 0 und d
082 _bRBASDV53380
_a891.462
100 _aअरुण कापसे
245 _aअसं घडू शकतं
250 _b1
260 _bसुपर्ण प्रका. पुणे
_c2008
300 _a72
600 _aअरुण कापसे
630 _aअसं घडू शकतं
700 _aअरुण कापसे
730 _aअसं घडू शकतं
942 _cBOOK
999 _c1051480
_d1051477